000 00788nam a22002537a 4500
003 OSt
005 20260424112310.0
008 260424b |||||||| |||| 00| 0 eng d
020 _a978-93-4953-35-2
037 _cReference
040 _aFEDL
_beng
_cFEDL
041 _aeng
_heng
082 _a181.4 SHA/RR
100 _aSharma, Raj Kishore, Ed.
_91235179
245 _aDarsana:
_bThe six streams of Bharatiya philosophy/
_cedited by Raj Kishore Sharma; Shobhita Singal.
260 _aNew Delhi
_bKitabwale
_c2025
300 _a69p.
365 _aINR
_b210.00
490 _vV. 11
650 _aPHILOSOPHY OF INDIA
_91234613
700 _aSingal, Shobhita, Ed.
_91235180
942 _2ddc
_cREF
_h181.4 SHA/RR
_n0
999 _c1848486
_d1848486